000 01043nam a22003137a 4500
003 CHAP
005 20220329135842.0
008 971013s1974 r 00010 d
010 _a43299
011 _a44271
035 _a48409
040 _cCHAP
090 _aTesis
100 0 0 _aFrías Garza, José Gerardo.
_943515
245 _aEstudio sobre la posibilidad de instalar un parque industrial en Sabinas Hidalgo, Nuevo León
260 _aMonterrey, N.L. :
_bEl autor,
_c1974
300 _a122 p.
_b: mapa
502 _aTesis (Lic. en Economía) -- Univ. Autónoma de Nuevo León. Fac. de Economía
590 _aALEPH
_b10
_c20130110
_lUCH01
_h1312
590 _aBATCH-UPD
_b10
_c20130110
_lUCH01
_h1601
590 _aBATCH-UPD
_b10
_c20130410
_lUCH01
_h0958
590 _aBATCH-UPD
_b10
_c20130914
_lUCH01
_h1547
590 _aCONVERSION
_b10
_c20130109
_lUCH01
_h1324
650 1 4 _aIndustria
_xNuevo León.
_957755
650 1 4 _aIndustrialización.
_957923
901 _aBK
942 _cTESIS
949 _bBC
_cTES
_d-109659
_eTS1
_i48409
_si
999 _c43299
_d43299